नाम जपाचे महत्व (Record no. 1043312)

MARC details
000 -LEADER
fixed length control field 00751nam a2200181Ia 4500
008 - FIXED-LENGTH DATA ELEMENTS--GENERAL INFORMATION
fixed length control field 151018s9999 xx 000 0 und d
082 ## - DEWEY DECIMAL CLASSIFICATION NUMBER
Item number RBASDV44114
Classification number 294.59
100 ## - MAIN ENTRY--PERSONAL NAME
Personal name जयंती विश्वनाथ सहस्त्रबुद्धे
245 ## - TITLE STATEMENT
Title नाम जपाचे महत्व
250 ## - EDITION STATEMENT
Remainder of edition statement 1
260 ## - PUBLICATION, DISTRIBUTION, ETC. (IMPRINT)
Name of publisher, distributor, etc मनोरमा प्रकाशन मुंबई
Date of publication, distribution, etc 2006
300 ## - PHYSICAL DESCRIPTION
Extent 184
600 ## - SUBJECT ADDED ENTRY--PERSONAL NAME
Personal name जयंती विश्वनाथ सहस्त्रबुद्धे
630 ## - SUBJECT ADDED ENTRY--UNIFORM TITLE
Uniform title नाम जपाचे महत्व
700 ## - ADDED ENTRY--PERSONAL NAME
Personal name जयंती विश्वनाथ सहस्त्रबुद्धे
730 ## - ADDED ENTRY--UNIFORM TITLE
Uniform title नाम जपाचे महत्व
942 ## - ADDED ENTRY ELEMENTS (KOHA)
Koha item type Book
Holdings
Withdrawn status Lost status Damaged status Not for loan Home library Current library Date acquired Cost, normal purchase price Total Checkouts Full call number Barcode Date last seen Cost, replacement price Price effective from Koha item type
        R.B. Anant Shivaji Desai Vachanalaya and Granthalaya, Kudal R.B. Anant Shivaji Desai Vachanalaya and Granthalaya, Kudal 03/08/2009 21.00   RBASDV44114 RBASDV44114 10/18/2015 21.00 10/18/2015 Book